Pedagogía general y filosofía de la educación
Guardat en:
| Autors principals: | , |
|---|---|
| Format: | Llibre |
| Idioma: | espanyol |
| Publicat: |
Madrid
Morata
1963
|
| Col·lecció: | Colección Jordán
|
| Matèries: | |
| Etiquetes: |
Afegir etiqueta
Sense etiquetes, Sigues el primer a etiquetar aquest registre!
|
MARC
| LEADER | 00000nam a2200000 a 4500 | ||
|---|---|---|---|
| 001 | UCY7933 | ||
| 003 | CL-VaPUC | ||
| 008 | 950623e19630000SP |||||||||||||||||spa|d | ||
| 082 | 0 | 4 | |a 370.1 |b RED |2 21 |
| 100 | 0 | |a Redden, John D |e author |9 338886 | |
| 700 | 0 | |a Ryan, Francis A |e author |9 338887 | |
| 245 | 1 | 0 | |a Pedagogía general y filosofía de la educación |
| 300 | |a 518 p | ||
| 942 | |c BK | ||
| 945 | |d 19950623 00:00:00 |a mfernand | ||
| 260 | |a Madrid |b Morata |c 1963 | ||
| 650 | 0 | |a Filosofía de la educación |9 258384 | |
| 650 | 0 | |a Pedagogía |9 255351 | |
| 650 | 0 | |a Catolicismo |9 258690 | |
| 650 | 0 | |a Educación religiosa |9 308312 | |
| 650 | 0 | |a Niños |9 255605 | |
| 650 | 0 | |a Educación moral |9 308319 | |
| 650 | 0 | |a Religión |9 255164 | |
| 583 | |a last modification |c 19950623 00:00:00 |k Rodrigo Vera | ||
| 490 | 0 | |a Colección Jordán | |
| 999 | |c 235227 |d 235225 | ||
| 952 | |0 0 |1 0 |4 0 |6 370_100000000000000_RED_1963 |7 0 |8 P |9 242492 |a BIBEDU |b BIBEDU |c BIBEDU_PB |d 2019-11-18 |i 1523015 |o 370.1 RED 1963 |p 1523015 |r 2024-01-25 |w 2019-11-18 |y BK |k EDU | ||